Régions d'Angleterre - Carte Quiz - Statistiques

Statistiques générales
  • Ce quiz a été pris 444 fois
  • Le résultat moyen est 7 sur 9
Réponses sur la Carte
Les réponses sont colorées sur une échelle allant du rouge au vert en fonction du pourcentage des utilisateurs qui les ont devinées à leur premier essai. Vous pouvez retrouver ces pourcentages ci-dessous.
 
Statistiques - réponses
Réponse % Correct
Grand Londres
91%
Angleterre du Sud-Ouest
83%
Angleterre du Nord-Ouest
80%
Angleterre du Sud-Est
77%
Angleterre du Nord-Est
76%
Midlands de l'Ouest
74%
Midlands de l'Est
62%
Angleterre de l'Est
56%
Yorkshire-et-Humber
53%
Aucun quiz correspondant
Distribution des résultats
% des personnes avec chaque résultat
Percentile par nombre de réponses
Votre historique - résultats
Vous n’avez pas pris ce quiz